Visualizzazione normale
Vista MARC
- Van Nevel Paul
di Personal Name
Records bibliografici associati: 1
001 - CONTROL NUMBER
- control field: 28111
003 - CONTROL NUMBER IDENTIFIER
- control field: IT-RoPau
005 - DATE AND TIME OF LATEST TRANSACTION
- control field: 20140530215402.0
008 - FIXED-LENGTH DATA ELEMENTS
- fixed length control field: 140530|| aca||aabn | a|a d
040 ## - CATALOGING SOURCE
- Original cataloging agency: IT-RoPau
- Transcribing agency: IT-RoPau
100 ## - HEADING--PERSONAL NAME
- Personal name: Van Nevel Paul
- Miscellaneous information: Codice interprete SPICS: 35247
- Relator term: Interprete
670 ## - SOURCE DATA FOUND
- Source citation: Work cat.: (IT-RoPau)104055: Anonimo 883, Cypriot Advent Antiphons